| 000 | 00561nam a22002057a 4500 | ||
|---|---|---|---|
| 003 | OSt | ||
| 005 | 20140310184457.0 | ||
| 008 | 131011t xxu||||| |||| 00| 0 eng d | ||
| 020 | _a9780439798341 | ||
| 050 |
_aPE 1628.5 _b.L45 2006 |
||
| 100 |
_aLevey, Judith S. _928440 |
||
| 245 |
_aScholastic first dictionary / _cJudith S. Levey. |
||
| 260 |
_aNew York : _bScholastic Inc., _c2006 |
||
| 300 |
_a256 p. : _bill. col. ; _c28 cm. |
||
| 521 | _aG4 | ||
| 526 | _c670 | ||
| 650 |
_aDictionary _xChildren _928441 |
||
| 942 |
_2lcc _cBK-SCHOLAS |
||
| 999 |
_c34680 _d34680 |
||